Normal view
MARC view
- Havers, Hohn A
Entry Personal Name
001 - CONTROL NUMBER
- control field: 47252
003 - CONTROL NUMBER IDENTIFIER
- control field: NUST
005 - DATE AND TIME OF LATEST TRANSACTION
- control field: 20210314133757.0
008 - FIXED-LENGTH DATA ELEMENTS
- fixed length control field: 210314|| aca||aabn | a|a d
040 ## - CATALOGING SOURCE
- Original cataloging agency: NUST
- Transcribing agency: NUST
100 ## - HEADING--PERSONAL NAME
- Personal name: Havers, Hohn A
670 ## - SOURCE DATA FOUND
- Source citation: Work cat.: (NUST): Havers, Hohn A., Handbook of heavy construction., [1971]
